| 000 | 00481nam a22001817a 4500 | ||
|---|---|---|---|
| 003 | MPLRDC | ||
| 005 | 20220104142510.0 | ||
| 008 | 210129b ||||| |||| 00| 0 eng d | ||
| 020 | _a7-5317-0194-4 | ||
| 082 | _a857.49 ZJC | ||
| 100 | _a张锦池、邹进先 编 | ||
| 245 |
_a中外学者论红楼 _c |
||
| 250 | _a一版一刷 | ||
| 260 |
_a _b北方出版社 _c1989 |
||
| 300 | _b平 | ||
| 650 | _a话本小说及章回--红楼梦研究与评论 | ||
| 942 |
_cBK _o857.49 ZJC |
||
| 999 |
_c31378 _d31368 |
||